00361nam a22001217a 4500999001900000020001800019100001500037245003300052260003100085300001100116942000700127952010500134 c261021d261020 a9780439895965 aAbby Klein aReady, Freddy Ready Set Snow aNew YorkbScholasticc2009 a94 pgs cBK 001040708FICa40404b40404cCHILDd2023-10-27l0pCL20222810r2023-10-27 00:00:00w2023-10-27yBK